[Event "Power Solutions Arctic Chess NGP 2026"]
[Site "UiT Campus Alta"]
[Date "2026.02.21"]
[Round "6"]
[White "Pettersen, Andreas"]
[Black "Hynne, Sigurd"]
[Result "1/2-1/2"]
[WhiteElo "1690"]
[BlackElo "1751"]
[PlyCount "99"]
[EventDate "2026.??.??"]

1. e4 c6 2. Nf3 d5 3. exd5 cxd5 4. d4 Nc6 5. c3 Bg4 6. Bf4 e6 7. Be2 Bd6 8.
Bxd6 Qxd6 9. Nbd2 Nf6 10. O-O O-O 11. h3 Bh5 12. Nh4 Bxe2 13. Qxe2 Rab8 14. a4
Rfc8 15. a5 b6 16. axb6 axb6 17. Qb5 Na5 18. Nhf3 Qc6 19. Qb4 Nc4 20. Ra7 Qd6
21. Qxd6 Nxd6 22. Ne5 Ra8 23. Rfa1 Rxa7 24. Rxa7 h6 25. g4 Rb8 26. Nc6 Rb7 27.
Ra8+ Kh7 28. Rd8 Nfe4 29. Nxe4 Nxe4 30. Rb8 Rxb8 31. Nxb8 Kg6 32. Nd7 b5 33.
Ne5+ Kf6 34. f3 Nd6 35. b3 Kg5 36. Kg2 f5 37. Nd3 fxg4 38. hxg4 g6 39. Kg3 h5
40. gxh5 gxh5 41. Nc5 h4+ 42. Kh3 Kf4 43. Nxe6+ Kxf3 44. Nc7 Ke4 45. Kxh4 b4
46. cxb4 Nf5+ 47. Kg5 Nxd4 48. b5 Nxb3 49. b6 Nc5 50. Nxd5 1/2-1/2

[Event "Power Solutions Arctic Chess NGP 2026"]
[Site "UiT Campus Alta"]
[Date "2026.02.21"]
[Round "6"]
[White "Strømme, Vebjørn C."]
[Black "Pylypenko, Ruslan"]
[Result "1-0"]
[WhiteElo "1704"]
[BlackElo "1717"]
[PlyCount "67"]
[EventDate "2026.??.??"]

1. e4 e5 2. Nf3 f5 3. Nxe5 Qf6 4. Nc4 Bc5 5. Nc3 Ne7 6. d3 Nbc6 7. Nb5 O-O 8.
f4 fxe4 9. dxe4 g5 10. g3 d6 11. Nxc7 Rb8 12. Nd5 Nxd5 13. Qxd5+ Be6 14. Qxg5+
Qxg5 15. fxg5 Bf2+ 16. Kd1 d5 17. Ne3 dxe4 18. c3 Bf7 19. Bc4 Bxe3 20. Bxf7+
Rxf7 21. Bxe3 Rd8+ 22. Ke2 Rf3 23. Bf4 Kg7 24. Rad1 Rdd3 25. Rxd3 Rxd3 26. Rd1
Rxd1 27. Kxd1 Kg6 28. Ke2 Nd8 29. Ke3 Ne6 30. Kxe4 Nxg5+ 31. Bxg5 Kxg5 32. h3
Kf6 33. h4 Ke6 34. g4 1-0

[Event "Power Solutions Arctic Chess NGP 2026"]
[Site "UiT Campus Alta"]
[Date "2026.02.21"]
[Round "6"]
[White "Pedersen, Robin"]
[Black "Sandberg, Kim O."]
[Result "1-0"]
[WhiteElo "1716"]
[BlackElo "1547"]
[PlyCount "86"]
[EventDate "2026.??.??"]

1. d4 e5 2. dxe5 d6 3. Nf3 Nc6 4. Bg5 Be7 5. Bxe7 Ngxe7 6. exd6 Qxd6 7. Qxd6
cxd6 8. Nc3 O-O 9. O-O-O Rd8 10. Nb5 d5 11. Nbd4 h6 12. e3 a6 13. Be2 Be6 14.
Nxe6 fxe6 15. Nd4 e5 16. Ne6 Rd6 17. Nc5 Rb8 18. Rd2 a5 19. Rhd1 b6 20. Ne4
Rdd8 21. Nc3 d4 22. exd4 exd4 23. Nb5 Nf5 24. Bf3 Ne5 25. Be2 Nh4 26. Rxd4 Rxd4
27. Rxd4 Nxg2 28. Re4 Ng6 29. Rg4 N2f4 30. Bc4+ Kf8 31. Nd4 Re8 32. Ne6+ Nxe6
33. Rxg6 Kf7 34. Rxe6 Rxe6 35. Kd2 Kf6 36. Bxe6 Kxe6 37. Ke3 Ke5 38. c4 g5 39.
b3 h5 40. a3 g4 41. b4 h4 42. c5 axb4 43. cxb6 Kd5 1-0

[Event "Power Solutions Arctic Chess NGP 2026"]
[Site "UiT Campus Alta"]
[Date "2026.02.21"]
[Round "6"]
[White "Kokaas, Magnus"]
[Black "Lervik, Anders"]
[Result "0-1"]
[WhiteElo "1560"]
[BlackElo "1641"]
[PlyCount "95"]
[EventDate "2026.??.??"]

1. e4 c5 2. Bc4 Nc6 3. Qh5 e6 4. Nc3 Nf6 5. Qe2 Nd4 6. Qd1 d5 7. exd5 exd5 8.
Bb5+ Bd7 9. Bxd7+ Qxd7 10. d3 Qg4 11. g3 Qxd1+ 12. Kxd1 Be7 13. Be3 Ne6 14.
Nce2 d4 15. Bd2 Ng4 16. Ke1 O-O 17. Nf3 b5 18. h3 Nf6 19. Kf1 Nd5 20. b3 a5 21.
Kg2 Nb4 22. Bxb4 axb4 23. h4 Rfe8 24. Nd2 Nc7 25. f3 Bxh4 26. Ne4 Be7 27. Rh5
Bf8 28. f4 Re6 29. f5 Ree8 30. Kf3 f6 31. g4 h6 32. N2g3 Nd5 33. Ne2 Ne3 34.
Nf4 Nxc2 35. Rah1 Rxa2 36. Nd5 Kf7 37. R1h2 Ne1+ 38. Kg3 Rxh2 39. Kxh2 Nxd3 40.
Ng3 Bd6 41. Kg2 Nf4+ 42. Nxf4 Bxf4 43. Kf3 Bxg3 44. Kxg3 Re3+ 45. Kf4 c4 46.
Rh1 Rxb3 47. Ke4 d3 48. Kd5 0-1

[Event "Power Solutions Arctic Chess NGP 2026"]
[Site "UiT Campus Alta"]
[Date "2026.02.21"]
[Round "6"]
[White "Heatta, Simon Mattias"]
[Black "Thomassen, Markus Ø."]
[Result "1/2-1/2"]
[WhiteElo "1459"]
[BlackElo "1628"]
[PlyCount "58"]
[EventDate "2026.??.??"]

1. e4 e5 2. Nc3 Nf6 3. f4 d5 4. fxe5 Nxe4 5. Nxe4 dxe4 6. d3 Nc6 7. Bf4 Qd5 8.
Qe2 Nxe5 9. Qxe4 Qxe4+ 10. dxe4 Bd6 11. Bb5+ Ke7 12. Ne2 a6 13. Ba4 b5 14. Bb3
Bb7 15. Nc3 Rhe8 16. O-O f6 17. Nd5+ Bxd5 18. Bxd5 c6 19. Bxe5 cxd5 20. Bxd6+
Kxd6 21. exd5 Re2 22. Rf2 Rae8 23. Kf1 Rxf2+ 24. Kxf2 Re5 25. Rd1 Rxd5 26.
Rxd5+ Kxd5 27. Ke3 g5 28. g4 a5 29. a3 h6 1/2-1/2

[Event "Power Solutions Arctic Chess NGP 2026"]
[Site "UiT Campus Alta"]
[Date "2026.02.21"]
[Round "6"]
[White "Vatneødegård, Marie"]
[Black "Arild, Steinar"]
[Result "1/2-1/2"]
[WhiteElo "1532"]
[BlackElo "1622"]
[PlyCount "115"]
[EventDate "2026.??.??"]

1. e4 e6 2. d4 d5 3. e5 a6 4. Nf3 c5 5. c3 Nc6 6. Bd3 Bd7 7. O-O cxd4 8. cxd4
Qb6 9. Nbd2 Nxd4 10. Nxd4 Qxd4 11. Nf3 Qb6 12. Be3 Bc5 13. Qe2 Bxe3 14. fxe3
Bb5 15. Ng5 Bxd3 16. Qxd3 f5 17. exf6 Nxf6 18. Qa3 h6 19. Nf3 Qc7 20. Rac1 Qe7
21. Qd3 O-O 22. Ne5 Qd6 23. Nc4 Qc7 24. Nd2 Qe7 25. Rf3 Rad8 26. Nb3 Ne4 27.
Rcf1 Rxf3 28. Rxf3 Rf8 29. Nd2 Rxf3 30. Nxf3 Qc5 31. h3 Qc1+ 32. Kh2 Qxb2 33.
Nd4 Qb6 34. Qa3 Qc7+ 35. Kg1 Qf7 36. Qc1 Qf2+ 37. Kh2 Qg3+ 38. Kg1 Qf2+ 39. Kh2
Qf7 40. Qc8+ Kh7 41. Nxe6 g6 42. Nd4 Nd6 43. Qg4 Nf5 44. Qf3 Qc7+ 45. Kg1 Nxd4
46. exd4 Qd7 47. Qe3 Kg7 48. Qe5+ Kh7 49. Qe3 h5 50. Qg5 b5 51. Qe3 a5 52. Qa3
a4 53. Qb4 Qe8 54. a3 Kh6 55. Kh2 Qc6 56. Qf8+ Kh7 57. Qf7+ Kh6 58. Qf8+
1/2-1/2

[Event "Power Solutions Arctic Chess NGP 2026"]
[Site "UiT Campus Alta"]
[Date "2026.02.21"]
[Round "6"]
[White "Opdahl, Raymond"]
[Black "Rist, Nikolai"]
[Result "1/2-1/2"]
[WhiteElo "1591"]
[BlackElo "1543"]
[PlyCount "129"]
[EventDate "2026.??.??"]

1. e4 c6 2. d4 d5 3. exd5 cxd5 4. c4 Nf6 5. Nc3 Nc6 6. Be3 g6 7. h3 Bg7 8. Nf3
e6 9. Be2 O-O 10. O-O Re8 11. Rc1 Qb6 12. Qd2 Bd7 13. c5 Qd8 14. Nb5 Ne4 15.
Qd1 Bf8 16. Bf4 Rc8 17. Ne5 a6 18. Nxc6 Bxc6 19. Nc3 Nxc3 20. bxc3 Bg7 21. Qb3
e5 22. dxe5 Bxe5 23. Bxe5 Rxe5 24. Bf3 Qe7 25. Qb6 Bb5 26. Rfd1 Rxc5 27. Ra1
Re6 28. Qa7 Bc4 29. Rab1 b5 30. Qa8+ Kg7 31. Bxd5 Bxd5 32. Rxd5 Rxc3 33. Rbd1
Rc2 34. R5d2 Re1+ 35. Kh2 Qe5+ 36. g3 Rxd1 37. Rxc2 Qe1 38. Qg2 b4 39. f4 a5
40. Re2 Qc3 41. Rc2 Qd4 42. Re2 Qd3 43. Rf2 a4 44. Re2 b3 45. axb3 axb3 46. Rb2
Rb1 47. Qe2 Rxb2 48. Qxb2+ f6 49. Qa3 Qe2+ 50. Kg1 b2 51. Qa7+ Kh6 52. Qb8 Qe1+
53. Kg2 Qe4+ 54. Kf2 Qd4+ 55. Kg2 Kg7 56. Qc7+ Kf8 57. Qc2 Qd5+ 58. Kf2 Qa2 59.
Qc5+ Kf7 60. Qc7+ Ke6 61. Qc8+ Kd6 62. Qd8+ Kc5 63. Qc7+ Kd4 64. Qd6+ Qd5 65.
Qb4+ 1/2-1/2

[Event "Power Solutions Arctic Chess NGP 2026"]
[Site "UiT Campus Alta"]
[Date "2026.02.21"]
[Round "6"]
[White "Larsson, Susanne W."]
[Black "Heggelund, Iben S."]
[Result "1/2-1/2"]
[WhiteElo "1518"]
[BlackElo "1566"]
[PlyCount "122"]
[EventDate "2026.??.??"]

1. c4 Nf6 2. d4 g6 3. Nf3 Bg7 4. g3 d6 5. Bg2 O-O 6. Nc3 Nbd7 7. Bf4 c5 8. e3
Qb6 9. b3 Nh5 10. Bg5 f6 11. Bf4 e5 12. dxe5 fxe5 13. Bg5 e4 14. Nxe4 Bxa1 15.
Qxa1 Qc7 16. g4 Ng7 17. Bh6 Ne5 18. Bf4 Nd3+ 19. Kf1 Nxf4 20. exf4 Qe7 21. Qe1
Re8 22. Nfd2 Bxg4 23. h4 Kh8 24. Qa1 Rf8 25. Bh3 Bxh3+ 26. Rxh3 Rad8 27. h5
gxh5 28. Rxh5 Qf7 29. Rxh7+ Kg8 30. Ng5 Qf6 31. Rxg7+ Kxg7 32. Ne6+ Kg8 33.
Qxf6 Rxf6 34. Nxd8 b6 35. Ne4 Rxf4 36. Nxd6 Rd4 37. N6b7 Rd2 38. a3 Ra2 39. b4
cxb4 40. axb4 Ra4 41. Nc6 Ra1+ 42. Ke2 Ra3 43. Nd6 a5 44. bxa5 bxa5 45. Nxa5
Rxa5 46. Kd3 Kf8 47. f4 Ke7 48. Nc8+ Ke6 49. Nb6 Rh5 50. Kd4 Rh4 51. Nd5 Rh5
52. Ke4 Rh8 53. Kd4 Rd8 54. Ke4 Rf8 55. Nc7+ Kf6 56. c5 Rc8 57. Nd5+ Ke6 58.
f5+ Kf7 59. Kd4 Rc6 60. Nb4 Rxc5 61. Kxc5 Kf6 1/2-1/2

[Event "Power Solutions Arctic Chess NGP 2026"]
[Site "UiT Campus Alta"]
[Date "2026.02.21"]
[Round "6"]
[White "Næss, Kristine S."]
[Black "Hagestad, Iver D."]
[Result "1/2-1/2"]
[WhiteElo "1704"]
[BlackElo "1670"]
[PlyCount "78"]
[EventDate "2026.??.??"]

1. e4 c6 2. d4 d5 3. Nc3 e6 4. Bd3 Bb4 5. Nge2 Ne7 6. O-O O-O 7. a3 Bxc3 8.
Nxc3 Qb6 9. Ne2 c5 10. c3 Nbc6 11. Bc2 Rd8 12. Qd3 cxd4 13. cxd4 dxe4 14. Qxe4
Ng6 15. Rd1 Qb5 16. Nc3 Qb6 17. d5 Nce7 18. dxe6 Bxe6 19. b4 Rac8 20. Bb2 Bf5
21. Qe2 Bxc2 22. Qxc2 Qc6 23. Rxd8+ Rxd8 24. Qe4 Qb6 25. Qe2 Qc6 26. b5 Qe8 27.
Re1 Rd6 28. a4 Re6 29. Qd1 Rxe1+ 30. Qxe1 f6 31. Ba3 Ne5 32. f4 N5g6 33. Qe6+
Qf7 34. Qxf7+ Kxf7 35. Bxe7 Nxe7 36. Kf2 Ke6 37. Ke3 Nd5+ 38. Nxd5 Kxd5 39. Kd3
f5 1/2-1/2

[Event "Power Solutions Arctic Chess NGP 2026"]
[Site "UiT Campus Alta"]
[Date "2026.02.21"]
[Round "6"]
[White "Vreugdenhil, Maarten"]
[Black "Whelan, Niall P."]
[Result "1-0"]
[WhiteElo "1678"]
[BlackElo "1592"]
[PlyCount "53"]
[EventDate "2026.??.??"]

1. e4 e5 2. Nf3 Nc6 3. d4 exd4 4. Bc4 f6 5. O-O Nge7 6. b4 Ng6 7. c3 d6 8. Nxd4
Nce5 9. Bb3 Be7 10. Nf5 Bxf5 11. exf5 Nf8 12. f4 c6 13. fxe5 Qb6+ 14. Kh1 dxe5
15. Qg4 O-O-O 16. Nd2 Kb8 17. Nc4 Qc7 18. Be3 g5 19. Qe2 h5 20. Qf2 b5 21. Na5
Rd3 22. Bxa7+ Ka8 23. Bb6 Qc8 24. Qc2 e4 25. Rae1 c5 26. Qxd3 exd3 27. Bd5+ 1-0

[Event "Power Solutions Arctic Chess NGP 2026"]
[Site "UiT Campus Alta"]
[Date "2026.02.21"]
[Round "6"]
[White "Kjellesvig, Mio N."]
[Black "jørgensen, Catherine"]
[Result "1-0"]
[WhiteElo "1615"]
[BlackElo "1610"]
[PlyCount "34"]
[EventDate "2026.??.??"]

1. d4 Nf6 2. Nc3 g6 3. e4 d6 4. Nf3 Bg7 5. Be3 O-O 6. Bd3 Re8 7. Qd2 e5 8. dxe5
dxe5 9. O-O-O a6 10. Bh6 Bh8 11. h4 Ng4 12. h5 Nxh6 13. Qxh6 Bg7 14. Qe3 Qf6
15. Nd5 Qc6 16. hxg6 hxg6 17. Qg5 Nd7 1-0

[Event "Power Solutions Arctic Chess NGP 2026"]
[Site "UiT Campus Alta"]
[Date "2026.02.21"]
[Round "6"]
[White "Mella, Oddbjørn"]
[Black "Homtako, Chloe E."]
[Result "0-1"]
[WhiteElo "1492"]
[BlackElo "1591"]
[PlyCount "120"]
[EventDate "2026.??.??"]

1. d4 Nf6 2. Bf4 g6 3. Nf3 Bg7 4. e3 O-O 5. Bd3 d6 6. Nbd2 Nc6 7. O-O Nd7 8. c3
e5 9. Bg3 f5 10. dxe5 dxe5 11. Bc4+ Kh8 12. Bh4 Bf6 13. Bxf6+ Qxf6 14. e4 f4
15. b4 a6 16. a4 Ne7 17. Qb3 g5 18. g3 Ng6 19. g4 Nb6 20. h3 Nxc4 21. Qxc4 Rf7
22. b5 Re7 23. Qe2 Nh4 24. c4 h5 25. Nh2 f3 26. Ndxf3 Nxf3+ 27. Qxf3 Qxf3 28.
Nxf3 hxg4 29. hxg4 Bxg4 30. Nh2 Be2 31. Rfc1 Rd7 32. f3 Rd4 33. c5 axb5 34.
axb5 Rxa1 35. Rxa1 Bxb5 36. Rc1 Rd7 37. Ng4 Re7 38. Kf2 Kg7 39. Ne3 Kg6 40. Rd1
Bc6 41. Nc4 Kf6 42. Ke3 Rd7 43. Rxd7 Bxd7 44. Na5 b6 45. cxb6 cxb6 46. Nc4 b5
47. Nd2 Ke6 48. Kd3 Kd6 49. Kc3 Be6 50. Kb4 Kc6 51. Nb1 Bc4 52. Nd2 Be2 53. Kc3
Bd1 54. Kb4 Kb6 55. Kc3 Kc5 56. Kd3 b4 57. Nc4 Be2+ 58. Kxe2 Kxc4 59. Kd2 b3
60. Kc1 Kc3 0-1

[Event "Power Solutions Arctic Chess NGP 2026"]
[Site "UiT Campus Alta"]
[Date "2026.02.21"]
[Round "6"]
[White "Liljebakk, Tor A."]
[Black "Jullum, Hege I."]
[Result "1-0"]
[WhiteElo "1490"]
[BlackElo "1460"]
[PlyCount "41"]
[EventDate "2026.??.??"]

1. e4 c6 2. f4 Nf6 3. Nc3 e6 4. a3 Be7 5. Nf3 d5 6. e5 Nfd7 7. d4 c5 8. Be2
cxd4 9. Nxd4 a6 10. O-O O-O 11. Rf3 f6 12. Nxe6 Qb6+ 13. Nd4 fxe5 14. Nxd5 Qd6
15. Nxe7+ Qxe7 16. Bc4+ Kh8 17. Ne6 Nb6 18. Nxf8 Nxc4 19. fxe5 Bg4 20. Qd3 Nxe5
21. Qxh7# 1-0

[Event "Power Solutions Arctic Chess NGP 2026"]
[Site "UiT Campus Alta"]
[Date "2026.02.22"]
[Round "7"]
[White "Hynne, Sigurd"]
[Black "Pedersen, Robin"]
[Result "1-0"]
[WhiteElo "1751"]
[BlackElo "1716"]
[PlyCount "57"]
[EventDate "2026.??.??"]

1. d4 Nf6 2. c4 e5 3. dxe5 Ng4 4. Bf4 Bb4+ 5. Nc3 Nc6 6. Nf3 Qe7 7. Qb3 a5 8.
a3 Bxc3+ 9. Qxc3 O-O 10. h3 Nh6 11. e3 Qe6 12. Bd3 f5 13. c5 Nf7 14. g4 Qd5 15.
Ke2 fxg4 16. hxg4 g5 17. Bxh7+ Kg7 18. e6+ Nfe5 19. Bxe5+ Nxe5 20. Qxe5+ Qxe5
21. Nxe5 Rh8 22. exd7 Bxd7 23. Nxd7 Rxh7 24. Rxh7+ Kxh7 25. Rh1+ Kg7 26. Rh5
Kg6 27. Ne5+ Kf6 28. Nf3 Rd8 29. Rxg5 1-0

[Event "Power Solutions Arctic Chess NGP 2026"]
[Site "UiT Campus Alta"]
[Date "2026.02.22"]
[Round "7"]
[White "Eriksen, Tom G."]
[Black "Strømme, Vebjørn C."]
[Result "0-1"]
[WhiteElo "1724"]
[BlackElo "1704"]
[PlyCount "73"]
[EventDate "2026.??.??"]

1. d4 Nf6 2. Nf3 e6 3. Bg5 d5 4. e3 Bd6 5. Bd3 c5 6. c3 O-O 7. Nbd2 Nbd7 8. O-O
Qc7 9. Bh4 e5 10. dxe5 Nxe5 11. Nxe5 Bxe5 12. Bg3 Bxg3 13. hxg3 b6 14. Nf3 Bb7
15. Re1 Rfe8 16. a4 Rad8 17. b4 Ne4 18. Qc1 Rd6 19. a5 Rh6 20. axb6 axb6 21.
Ra7 Rh1+ 22. Kxh1 Nxf2+ 23. Kg1 Nxd3 24. Qd2 Nxe1 25. Qxe1 Ra8 26. Qa1 Qb8 27.
Rxa8 Qxa8 28. Qxa8+ Bxa8 29. bxc5 bxc5 30. Kf2 f6 31. Ne1 Kf7 32. Nd3 c4 33.
Nf4 Ke7 34. Ne2 Kd6 35. Nd4 g6 36. Kf3 Ke5 37. Nb5 0-1

[Event "Power Solutions Arctic Chess NGP 2026"]
[Site "UiT Campus Alta"]
[Date "2026.02.22"]
[Round "7"]
[White "Homtako, Chloe E."]
[Black "Næss, Kristine S."]
[Result "0-1"]
[WhiteElo "1591"]
[BlackElo "1704"]
[PlyCount "120"]
[EventDate "2026.??.??"]

1. e4 d6 2. d4 Nf6 3. Nc3 c6 4. f4 Qa5 5. Bd3 e5 6. Nf3 Bg4 7. dxe5 dxe5 8. O-O
Nbd7 9. h3 Bxf3 10. Qxf3 Bc5+ 11. Kh1 Qc7 12. f5 O-O-O 13. a3 Ne8 14. b4 Bd4
15. Bb2 Nd6 16. Rab1 f6 17. Ne2 Bxb2 18. Rxb2 Nb6 19. Ra2 Nbc4 20. c3 Qb6 21.
Nc1 Qe3 22. Qxe3 Nxe3 23. Re1 Nec4 24. Nb3 Nb6 25. Nc5 Rde8 26. Ne6 Re7 27. a4
Nd7 28. c4 Nf8 29. c5 Ne8 30. Bc4 Nc7 31. Nxc7 Kxc7 32. Rd2 Rd7 33. Red1 Rxd2
34. Rxd2 Nd7 35. Be6 Nb8 36. Bc4 Rd8 37. Rxd8 Kxd8 38. g4 a5 39. bxa5 Nd7 40.
Bb3 Nxc5 41. Bc2 h6 42. Kg2 Kc7 43. Kf3 Kb8 44. Ke3 Ka7 45. Kd2 Ka6 46. Kc3
Kxa5 47. Kc4 Nxa4 48. h4 b5+ 49. Kb3 c5 50. h5 c4+ 51. Ka2 b4 52. Bb1 Nc3+ 53.
Kb2 Nxb1 54. Kxb1 b3 55. Kb2 Kb4 56. Kb1 c3 57. Kc1 c2 58. Kb2 Kc4 59. Kc1 Kd3
60. Kb2 Kd2 0-1

[Event "Power Solutions Arctic Chess NGP 2026"]
[Site "UiT Campus Alta"]
[Date "2026.02.22"]
[Round "7"]
[White "Pedersen, Birger"]
[Black "Vreugdenhil, Maarten"]
[Result "0-1"]
[WhiteElo "1590"]
[BlackElo "1678"]
[PlyCount "52"]
[EventDate "2026.??.??"]

1. c4 e5 2. Nc3 Nc6 3. d3 Bc5 4. g3 d6 5. Bg2 Nge7 6. Nf3 Nd4 7. O-O O-O 8. Be3
Nef5 9. Ne4 Nxe3 10. fxe3 Nxf3+ 11. Rxf3 Bg4 12. Nxc5 Bxf3 13. Bxf3 dxc5 14.
Be4 c6 15. Qc2 Qg5 16. Qd2 f5 17. Bg2 Rf6 18. Rf1 Raf8 19. Rf3 h5 20. Qc3 f4
21. h4 Qf5 22. e4 Qe6 23. Kh2 fxg3+ 24. Rxg3 Rf4 25. Rh3 Rf2 26. Qd2 Qg4 0-1

[Event "Power Solutions Arctic Chess NGP 2026"]
[Site "UiT Campus Alta"]
[Date "2026.02.23"]
[Round "7"]
[White "Lervik, Anders"]
[Black "Larsson, Susanne W."]
[Result "1-0"]
[WhiteElo "1641"]
[BlackElo "1518"]
[PlyCount "51"]
[EventDate "2026.??.??"]

1. d4 Nf6 2. c4 c5 3. d5 e6 4. dxe6 fxe6 5. Nc3 a6 6. e4 Nc6 7. Nf3 Qc7 8. a3
Rb8 9. Bd3 Na7 10. O-O b5 11. Re1 d6 12. Qe2 Bd7 13. h3 Be7 14. e5 dxe5 15.
Nxe5 bxc4 16. Nxd7 cxd3 17. Nxf6+ Bxf6 18. Qxd3 Rb6 19. Nd5 Qd6 20. Rxe6+ Qxe6
21. Nc7+ Kf7 22. Nxe6 Kxe6 23. Qc4+ Kd6 24. Be3 Rc8 25. Rd1+ Ke5 26. Qd5# 1-0

[Event "Power Solutions Arctic Chess NGP 2026"]
[Site "UiT Campus Alta"]
[Date "2026.02.22"]
[Round "7"]
[White "Arild, Steinar"]
[Black "Opdahl, Raymond"]
[Result "0-1"]
[WhiteElo "1622"]
[BlackElo "1591"]
[PlyCount "105"]
[EventDate "2026.??.??"]

1. e4 c5 2. Nf3 Nc6 3. Bb5 e6 4. Bxc6 bxc6 5. c4 d5 6. Qe2 Bb7 7. O-O Nf6 8. d3
Be7 9. b3 h6 10. Rd1 O-O 11. e5 Nd7 12. d4 cxd4 13. Rxd4 c5 14. Rg4 Kh8 15. Rg3
f5 16. Rh3 Kh7 17. Qe3 Rf7 18. g3 d4 19. Qd3 g5 20. g4 Bxf3 21. Rxf3 Nxe5 22.
Qe2 Nxf3+ 23. Qxf3 Qf8 24. Qd3 Kg7 25. Bb2 fxg4 26. Qg3 Bd6 27. Qg2 Qb8 28. Nd2
Bxh2+ 29. Kf1 Qf4 30. Ne4 g3 31. Rd1 e5 32. Bc1 Qf3 33. Qxf3 Rxf3 34. Rd2 Raf8
35. Ba3 gxf2 36. Bxc5 R8f7 37. Bd6 Re3 38. Nxf2 Bg3 39. c5 Rxf2+ 40. Rxf2 Bxf2
41. Kxf2 Kf7 42. b4 Ke6 43. a4 Kd7 44. b5 e4 45. Be5 Rd3 46. c6+ Kc8 47. a5 Rb3
48. Bxd4 Rxb5 49. Bxa7 Rxa5 50. Bd4 Ra3 51. Be5 h5 52. c7 h4 53. Bf6 0-1

[Event "Power Solutions Arctic Chess NGP 2026"]
[Site "UiT Campus Alta"]
[Date "2026.02.22"]
[Round "7"]
[White "Heggelund, Iben S."]
[Black "Vatneødegård, Marie"]
[Result "1-0"]
[WhiteElo "1566"]
[BlackElo "1532"]
[PlyCount "107"]
[EventDate "2026.??.??"]

1. d4 d5 2. Nf3 Nf6 3. Bf4 e6 4. e3 c5 5. c3 Nc6 6. Nbd2 Bd6 7. Bg3 Qc7 8. Be2
b6 9. Qc2 O-O 10. Nb3 c4 11. Nbd2 e5 12. e4 exd4 13. Nxd4 Nxd4 14. cxd4 Nxe4
15. Nxe4 dxe4 16. Qxc4 Qe7 17. Qc6 Bb4+ 18. Kf1 Bb7 19. Qc7 Qxc7 20. Bxc7 Rfc8
21. Bf4 Rc2 22. a3 Bd2 23. Bxd2 Rxd2 24. Rd1 Rxb2 25. d5 Rc2 26. Bg4 Rd8 27. d6
Kf8 28. h3 g6 29. Kg1 Ba6 30. h4 f5 31. Bh3 Bd3 32. h5 Rxd6 33. hxg6 hxg6 34.
g4 e3 35. fxe3 Re2 36. Bf1 Rxe3 37. Kf2 Rde6 38. Rxd3 Rxd3 39. Bxd3 fxg4 40.
Bc4 Rf6+ 41. Kg3 Kg7 42. Kxg4 Rc6 43. Bb5 Rc5 44. a4 Re5 45. Rd1 Re7 46. Rd6
Kh6 47. Bd3 Rg7 48. Rc6 Kh7 49. Kg5 Rd7 50. Bxg6+ Kg7 51. Bf5 Re7 52. Rh6 Kf8
53. Be6 Rg7+ 54. Kf6 1-0

[Event "Power Solutions Arctic Chess NGP 2026"]
[Site "UiT Campus Alta"]
[Date "2026.02.22"]
[Round "7"]
[White "Rist, Nikolai"]
[Black "Heatta, Simon M."]
[Result "1/2-1/2"]
[WhiteElo "1543"]
[BlackElo "1459"]
[PlyCount "82"]
[EventDate "2026.??.??"]

1. e4 c6 2. d4 d5 3. f3 dxe4 4. fxe4 e5 5. Nf3 exd4 6. Bc4 Be6 7. Bxe6 fxe6 8.
Ng5 e5 9. O-O Nf6 10. Qd3 Qd6 11. Qc4 Qd7 12. Rd1 b5 13. Qe6+ Qxe6 14. Nxe6 Na6
15. c3 c5 16. cxd4 cxd4 17. Nd2 h6 18. Nxf8 Rxf8 19. Re1 Nc5 20. Nf3 Nfd7 21.
b4 Nd3 22. Re2 Nxb4 23. Rb2 Nd3 24. Rxb5 Rf6 25. Bd2 Rb6 26. Ra5 a6 27. Kf1 Rb5
28. Ra3 N3c5 29. Rc1 Nxe4 30. Re1 Nxd2+ 31. Nxd2 a5 32. Ne4 Ke7 33. Kf2 Nf6 34.
Ng3 Ng4+ 35. Kg1 Rb2 36. Nf5+ Kf6 37. Rf1 Kg6 38. Rg3 Kh5 39. Nxg7+ Kh4 40.
Nf5+ Kh5 41. Ng7+ Kh4 1/2-1/2

[Event "Power Solutions Arctic Chess NGP 2026"]
[Site "UiT Campus Alta"]
[Date "2026.02.22"]
[Round "7"]
[White "Sandberg, Kim O."]
[Black "Skjarholt, Arne"]
[Result "1/2-1/2"]
[WhiteElo "1547"]
[BlackElo "1627"]
[PlyCount "127"]
[EventDate "2026.??.??"]

1. e4 e5 2. Nf3 Nc6 3. Bc4 Bc5 4. c3 Nf6 5. d3 O-O 6. a4 a6 7. h3 d6 8. Ng5 h6
9. Nf3 Ne7 10. Na3 c6 11. b4 Bb6 12. a5 Bc7 13. Qe2 d5 14. Bb3 Ng6 15. Nc2 Nf4
16. Bxf4 exf4 17. e5 Re8 18. d4 Nd7 19. O-O f6 20. Rfe1 fxe5 21. dxe5 Nxe5 22.
Nxe5 Bxe5 23. Qd3 Bd7 24. Nd4 g5 25. Bc2 Qe7 26. Re2 Qf7 27. Rae1 Bxd4 28. cxd4
Rxe2 29. Rxe2 Re8 30. Re5 Rxe5 31. dxe5 Kf8 32. Qd4 Qe7 33. Bg6 Be8 34. e6 Kg8
35. Bf5 Qg7 36. Qxg7+ Kxg7 37. g4 Kf6 38. Kf1 Ke5 39. Ke2 Kd4 40. e7 Kc4 41.
Bc8 Kxb4 42. Bxb7 Kxa5 43. Kd3 Kb6 44. Bc8 Kc7 45. Bxa6 Kd6 46. Kd4 Kxe7 47.
Ke5 Bg6 48. Bb7 Kd7 49. Kf6 Bc2 50. Kg7 d4 51. Ba6 d3 52. Bxd3 Bxd3 53. Kxh6 c5
54. Kxg5 c4 55. Kxf4 Ke6 56. Ke3 Kf6 57. f4 Bf1 58. h4 Bh3 59. g5+ Kg6 60. Kd4
Be6 61. Kc3 Kf5 62. h5 Kxf4 63. h6 Bf5 64. Kxc4 1/2-1/2

[Event "Power Solutions Arctic Chess NGP 2026"]
[Site "UiT Campus Alta"]
[Date "2026.02.22"]
[Round "7"]
[White "Kokaas, Magnus"]
[Black "Kjellesvig, Mio N."]
[Result "0-1"]
[WhiteElo "1560"]
[BlackElo "1615"]
[PlyCount "60"]
[EventDate "2026.??.??"]

1. e4 d6 2. d4 Nf6 3. Nc3 Nbd7 4. Nf3 e5 5. Bc4 h6 6. dxe5 dxe5 7. O-O Bc5 8.
Na4 Nxe4 9. Bxf7+ Kxf7 10. Qd5+ Ke8 11. Qxe4 Bd6 12. b3 Qe7 13. Bb2 Nf6 14.
Qg6+ Kd8 15. Rad1 Bd7 16. Rfe1 Be8 17. Qf5 Bd7 18. Qg6 Be8 19. Qd3 Nd7 20. Nxe5
Kc8 21. Ng6 Bxg6 22. Qxg6 Qd8 23. Be5 Nxe5 24. Rxe5 Rf8 25. Ree1 Bxh2+ 26. Kh1
Bd6 27. Nc5 Qh4+ 28. Kg1 Qxf2+ 29. Kh1 Qh4+ 30. Kg1 Qh2# 0-1

[Event "Power Solutions Arctic Chess NGP 2026"]
[Site "UiT Campus Alta"]
[Date "2026.02.22"]
[Round "7"]
[White "Magnussen, Einar"]
[Black "Jørgensen, Catherine"]
[Result "0-1"]
[WhiteElo "1577"]
[BlackElo "1610"]
[PlyCount "59"]
[EventDate "2026.??.??"]

1. c4 Nf6 2. g3 g6 3. Bg2 Bg7 4. Nf3 O-O 5. d4 c5 6. O-O d6 7. Nc3 Nc6 8. Be3
Ng4 9. dxc5 Nxe3 10. fxe3 dxc5 11. Qc2 Bf5 12. e4 Be6 13. Rad1 Qc8 14. Nd5 Bh3
15. Ne3 Bxg2 16. Nxg2 Qc7 17. e3 Rfd8 18. Qf2 Rxd1 19. Rxd1 Bf6 20. h4 Ne5 21.
Nxe5 Bxe5 22. Nf4 e6 23. Kg2 Rd8 24. Rh1 Qa5 25. Kf3 Rd2 26. Ne2 Qd8 27. Re1
Qf6+ 28. Kg2 Qxf2+ 29. Kxf2 Rxb2 30. Ra1 0-1